000 00757nam a2200241Ia 4500
003 GCL
008 140319s9999 xx 000 0 ara d
040 _aGCL /
_cGCL
082 0 4 _a320.962
_bا ن
100 1 _aاسعد عبدالرحمن
245 1 0 _aالناصرية: البيروقراطية والثورة فى تجربة /
_cاسعد عبدالرحمن
260 _a[S.N] :
_bمؤسسة الابحاث العربية ،
_c1981
300 _a232 ص
490 _a
650 0 4 _aالعصر الحديث
650 0 4 _aمصر
650 0 4 _aتاريخ
650 0 4 _aالاحوال السياسية
650 0 4 _aثورة 23 يوليو 1952
650 0 4 _aالبيروقراطية
650 0 4 _aجمال عبدالناصر
942 _2ddc
_cBK
999 _c30370
_d30370